ARRUPE JESUIT UNIVERSITY

CORONAVIRUS -STOP THE SPREAD - CLEAN,DISINFECT,COVER

South Africa, (Record no. 121975)

MARC details
000 -LEADER
fixed length control field 00888cam a2200313 4500
001 - CONTROL NUMBER
control field 2534600
003 - CONTROL NUMBER IDENTIFIER
control field ARRUPE
005 - DATE AND TIME OF LATEST TRANSACTION
control field 20150225165519.0
008 - FIXED-LENGTH DATA ELEMENTS--GENERAL INFORMATION
fixed length control field 720905s1972 enkabcj b 001 0 eng
010 ## - LIBRARY OF CONGRESS CONTROL NUMBER
LC control number 72188454
015 ## - NATIONAL BIBLIOGRAPHY NUMBER
National bibliography number B72-15695
020 ## - INTERNATIONAL STANDARD BOOK NUMBER
Cancelled/invalid ISBN 0413279302
020 ## - INTERNATIONAL STANDARD BOOK NUMBER
International Standard Book Number 0413279502 :
035 ## - SYSTEM CONTROL NUMBER
System control number (OCoLC)ocm00447620
035 ## - SYSTEM CONTROL NUMBER
System control number (NNC)2534600
040 ## - CATALOGING SOURCE
Original cataloging agency DLC
Transcribing agency DLC
Modifying agency UKM
-- ZCU
043 ## - GEOGRAPHIC AREA CODE
Geographic area code f-sa---
050 0# - LIBRARY OF CONGRESS CALL NUMBER
Classification number DT766
Item number .T76
082 ## - DEWEY DECIMAL CLASSIFICATION NUMBER
Classification number 916.8/03
300 ## - PHYSICAL DESCRIPTION
Other physical details illus., geneal. table, maps, ports.
Dimensions 23 cm.
100 1# - MAIN ENTRY--PERSONAL NAME
Personal name Troup, Freda,
Dates associated with a name 1911-2004.
9 (RLIN) 14916
245 10 - TITLE STATEMENT
Title South Africa,
Remainder of title an historical introduction.
260 ## - PUBLICATION, DISTRIBUTION, ETC. (IMPRINT)
Place of publication, distribution, etc London,
Name of publisher, distributor, etc Eyre Methuen Ltd.,
Date of publication, distribution, etc 1972.
300 ## - PHYSICAL DESCRIPTION
Extent xviii, 428, [16] p.
500 ## - GENERAL NOTE
General note Illus. on lining papers.
504 ## - BIBLIOGRAPHY, ETC. NOTE
Bibliography, etc Bibliography: p. [407]-410.
651 #0 - SUBJECT ADDED ENTRY--GEOGRAPHIC NAME
Geographic name South Africa
General subdivision History.
9 (RLIN) 14917
942 ## - ADDED ENTRY ELEMENTS (KOHA)
Source of classification or shelving scheme Library of Congress Classification
Koha item type Monograph ( Printed materials)
Holdings
Withdrawn status Lost status Source of classification or shelving scheme Damaged status Not for loan Collection code Home library Current library Shelving location Date acquired Total Checkouts Full call number Barcode Date last seen Date checked out Price effective from Koha item type
    Library of Congress Classification     Main Collection ARRUPE LIBRARY ARRUPE LIBRARY Main Collection 09/02/2015 1 DT766 .T76 46500001087 01/10/2024 16/09/2024 09/02/2015 Monograph ( Printed materials)

 

Arrupe Library. PO Box MP320 Mt Pleasant, Harare, Zimbabwe
263 242 745411|librarian@aju.ac.zw